[Event "Potsdam Christmas 35th"]
[Site "Potsdam"]
[Date "2010.12.30"]
[Round "7.33"]
[White "Schmidt, Konrad"]
[Black "Ulrich, Gert"]
[Result "0-1"]
[WhiteElo "1478"]
[BlackElo "1750"]
[PlyCount "82"]
[EventDate "2010.12.27"]
[EventType "swiss"]
[EventRounds "7"]
[EventCountry "GER"]
[SourceTitle "EXT 2022"]
[Source "ChessBase"]
[SourceDate "2021.10.06"]
[SourceVersion "1"]
[SourceVersionDate "2021.10.06"]
[SourceQuality "1"]

1. e4 c5 2. Nf3 e6 3. d4 cxd4 4. Nxd4 a6 5. Nc3 b5 6. Bd3 Bb7 7. Be3 Ne7 8. Qd2 Nbc6 9. Nb3 Ng6 10. f4 Be7 11. Nc5 Bxc5 12. Bxc5 d6 13. Be3 Qh4+ 14. g3 Qe7 15. h4 Qc7 16. 0-0 0-0 17. h5 Nge7 18. h6 g6 19. Qf2 f5 20. a4 b4 21. Ne2 fxe4 22. Bxe4 d5 23. Bf3 Nf5 24. Bb6 Qd7 25. Rad1 Nxh6 26. Nd4 Nxd4 27. Bxd4 Nf5 28. Be5 Rac8 29. g4 Ne7 30. Rd2 Nc6 31. Qe2 Nxe5 32. Qxe5 Rc4 33. Bg2 Bc8 34. b3 Rc3 35. Rfd1 Rg3 36. Kh2 Rxg4 37. Bh3 Rgxf4 38. Rxd5 Rf2+ 39. Kh1 Qc6 40. c4 exd5 41. cxd5 Qf6 0-1

[Event "Potsdam Christmas 35th"]
[Site "Potsdam"]
[Date "2010.12.28"]
[Round "4.23"]
[White "Lenz, Tobias"]
[Black "Schmidt, Konrad"]
[Result "1-0"]
[WhiteElo "1955"]
[BlackElo "1478"]
[PlyCount "95"]
[EventDate "2010.12.27"]
[EventType "swiss"]
[EventRounds "7"]
[EventCountry "GER"]
[SourceTitle "EXT 2022"]
[Source "ChessBase"]
[SourceDate "2021.10.06"]
[SourceVersion "1"]
[SourceVersionDate "2021.10.06"]
[SourceQuality "1"]

1. e4 c5 2. Nf3 d6 3. c3 Nf6 4. Na3 a6 5. Be2 g6 6. 0-0 Bg7 7. d3 0-0 8. Re1 b5 9. Nc2 Nbd7 10. Bf1 Bb7 11. g3 Rb8 12. Bg2 Ng4 13. h3 Nge5 14. Qe2 Nxf3+ 15. Bxf3 Ne5 16. Bg2 f5 17. f4 Nc6 18. exf5 Rxf5 19. Bxc6 Bxc6 20. Qxe7 Rf7 21. Qxd8+ Rxd8 22. Bd2 Rdf8 23. Re6 Be5 24. Re1 Bd7 25. R6xe5 dxe5 26. Rxe5 Re8 27. Rxe8+ Bxe8 28. Kf2 Bd7 29. g4 g5 30. f5 h6 31. Be3 c4 32. d4 a5 33. d5 Be8 34. Bb6 a4 35. Bc5 Rc7 36. Bb4 Bd7 37. Ke3 Kf7 38. Kd4 Kf6 39. Ne3 Rc8 40. d6 Bc6 41. Nd5+ Bxd5 42. Kxd5 Kf7 43. d7 Rd8 44. Kd6 a3 45. bxa3 h5 46. Kc7 Rxd7+ 47. Kxd7 hxg4 48. hxg4 1-0